| 000 | 00333nam a2200109Ia 4500 | ||
|---|---|---|---|
| 008 | 171211s9999 xx 000 0 und d | ||
| 245 | _aWetland Birds of the Central Plains: South Dakota, Nebraska and Kansas | ||
| 245 | _cPaul Johnsgard | ||
| 260 | _c2012 | ||
| 650 | _xANIMALS | ||
| 856 | _uhttp://down.ebook777.com/055/1609620186.pdf | ||
| 999 |
_c348452 _d348452 |
||